• 首页
  • 本馆介绍
  • 公告通知
  • 最新文献
  • 馆藏检索
  • 电子资源
  • 读者导购
  • 参考咨询
  • 我的图书馆
  • 登录
  • 详细信息显示
  • 放入我的书架
  • 预约/预借图书
  • 作者相关作品
  • 分类相关作品
  • 丛书相关作品
  • 出版社相关作品

书目信息

  • 表格格式
  • 工作单格式
  • 卡片格式
题名:
集团财务管理新思维
    
 
作者: 张红文 编著
分册:  
出版信息: 北京   电子工业出版社  2009
页数: 281页
开本: 24cm
丛书名:
单 册:
中图分类: F276.4
科图分类:
主题词: 企业集团--财务管理--研究 , 企业集团 , 财务管理
电子资源:
ISBN: 978-7-121-06938-3
000 00834nam0 2200253 45
001 1034506921
005 20100319082828.60
010    @a978-7-121-06938-3@dCNY45.00
100    @a20100311e2009 em y0chiy0110 ea
101 0  @achi
102    @aCN@b110000
105    @aa z 000yy
106    @ar
200 1  @a集团财务管理新思维@AJi Tuan Cai Wu Guan Li Xin Si Wei@f张红文编著@FZhang Hong Wen Bian Zhu
210    @a北京@c电子工业出版社@d2009
215    @a281页@c图@d24cm
330    @a本书共分9章,内容包括:集团财务管理新概念、集团预算管理、集团资金管理、集团财务核算、集团财务报告、集团内控与风险管理等。
606 0  @a企业集团@x财务管理@x研究
606 0  @a企业集团
606 0  @a财务管理
690    @aF276.4@v4
701  0 @a张红文@AZhang Hong Wen@4编著
801  0 @aCN@bTANGWEI@c20100319
905    @b0585741-43@dF276.4@e792@f3
    
    集团财务管理新思维/张红文编著.-北京:电子工业出版社,2009
    281页:图;24cm
    
    
    ISBN 978-7-121-06938-3:CNY45.00
    本书共分9章,内容包括:集团财务管理新概念、集团预算管理、集团资金管理、集团财务核算、集团财务报告、集团内控与风险管理等。
●
相关链接 在E读中查询图书 在五车中查询图书 在当当中查询图书 在豆瓣中查询图书


正题名:集团财务管理新思维     索取号:F276.4/792         预约/预借

序号 登录号 条形码 馆藏地/架位号 状态 备注
1 0585741   205857410   第一样本阅览室/ [索取号:F276.4/792] 在馆    
2 0585742   205857429   第一借阅区/ [索取号:F276.4/792] 在馆    
3 0585743   205857438   经管系资料室/ [索取号:F276.4/792] 在馆    
唐山师范学院图书馆 欢迎您!
大连网信软件有限公司© 版权所有